1845 1391 1048 1248 1714 1699 1525 1471 1845 1458 1867 1882 1565 1993 1605 1547 1707 1369 1921 1811 1213 1181 1983 1318 1091 1336 1730 1112 1294 1585 1060 1348 1070 1521 1333 1626 1842 1286 1459 1651 1381 1508 1205 1406 1725 1398 1123 1551 1463 1184 1404 1344 1617 1069 1235 1625 1708 1727 1753 1413 1124 1262 1559 1440 1886 1819 1434 1537 1794 1126 1327 1644 1884 1949 1504 1113 1174 1876 1189 1755 1941 1365 1737 1425 1508 1558 1302 1871 1574 1822 1182 1706 1311 1089 1897 1575 1418 1211 1842 BCNSPRNW ULIB Ver.6.0+V

เปลี่ยนเป็นภาษาไทย

Change to English
 แสดงรายละเอียดบรรณานุกรม
  กลับหน้าหลัก

Brief Record : Get Marc (ISO 2709) : E-mail record : QR code < ปิดหน้าต่าง
LEADER : 00000nam 2200000uu 4500
001    13399114015
003     ULIB
008    120125s2542||||th 000 0 tha d
020    ^a9746615955 (pbk.)
060 04 ^aWA395^bว358ก 2542
100 0  ^aวสันต์ ศิลปสุวรรณ
245 10 ^aการวางแผนและประเมินผลโครงการส่งเสริมสุขภาพ :
250    ^aพิมพ์ครั้งที่ 2
260    ^aกรุงเทพฯ :^bคณะสาธารณสุขศาสตร์ มหาวิทยาลัยมหิดล,^c2542
300    ^a252 หน้า :^bภาพประกอบ ;^c26 ซม.
650  2 ^aHealth Promotion
650  4 ^aการส่งเสริมสุขภาพ
700 0  ^aพิมพ์พรรณ ศิลปสุวรรณ
710 2  ^aมหาวิทยาลัยมหิดล. ^bคณะสาธารณสุขศาสตร์
945    ^p250^l0^i8750
995  ก ^aณชพร
999 ^a ใช้งานได้ทุกระบบ
รายการนี้ยังไม่มีแท็ก
คุณยังไม่ได้ล็อกอิน คุณสามารถมีกิจกรรมร่วมกับเว็บไซต์ได้ แต่ต้องล็อกอินก่อน ::
  ล็อกอิน

รายการสื่อสารสนเทศ

ลำดับที่ ประเภท เลขเรียก/บาร์โค้ด สถานที่ สถานะ
- ไม่พบข้อมูล -

รายการใกล้เคียง
    หัวเรื่อง [Health Promotion]
    หัวเรื่อง [การส่งเสริมสุขภาพ]

BibComment


ยังไม่เคยถูกคอมเมนท์

คอมเมนท์ทรัพยากรรายการนี้
  คอมเมนท์: การวางแผนและประเ..


 Copyright 2026. Bcnsprnw @Library